|
|
|
|
| LEADER |
00673nam a2200205Ia 4500 |
| 001 |
CTU_129003 |
| 008 |
210402s9999 xx 000 0 und d |
| 020 |
|
|
|c 797000
|
| 082 |
|
|
|a 006.32
|
| 082 |
|
|
|b R215
|
| 100 |
|
|
|a Rao, M. Ananda
|
| 245 |
|
0 |
|a Neural networks :
|
| 245 |
|
0 |
|b ALgorithms and applications
|
| 245 |
|
0 |
|c M. Ananda Rao and J. Srinivas
|
| 260 |
|
|
|a Pangbourne, England
|
| 260 |
|
|
|b Alpha Science International Ltd.
|
| 260 |
|
|
|c 2003
|
| 650 |
|
|
|a Neural networks ( Computer science ),Computer algorithms.,Mạng ( Khoa học máy tính ),Giải thuật máy tính
|
| 904 |
|
|
|i Minh
|
| 980 |
|
|
|a Trung tâm Học liệu Trường Đại học Cần Thơ
|